000
00246nam a2200085Ia 4500
245
0
_a
All you wanted to know about headache
100
_a
Ramaiah, Savitri New Delhi, 2009
_9
116311
942
_c
BK
008
210825s9999 xx 000 0 und d
999
_c
576884
_d
576883